• 首页
  • 本馆介绍
  • 公告通知
  • 最新文献
  • 馆藏检索
  • 电子资源
  • 读者荐购
  • 参考咨询
  • CALIS
  • 我的图书馆
  • 登录
  • 详细信息显示
  • 放入我的书架
  • 预约/预借图书
  • 作者相关作品
  • 分类相关作品
  • 丛书相关作品
  • 出版社相关作品

书目信息

  • 表格格式
  • 工作单格式
  • 卡片格式
题名:
罪恶幽灵
    
 
作者: 杨书文
分册:  
出版信息: 北京   中国言实出版社  1998.01
页数: 398页
开本: 32开
丛书名:
单 册:
中图分类: D924.315
科图分类:
主题词: 法律--中国
电子资源:
ISBN: 7-80128-033-4
 
 
 
 
 
000 00514nam0 2200193 45
001 0005231012
005 20000523104633.5
010    @a7-80128-033-4@d19.80元
100    @a20000523d1998 km y0chiy0120 ea
101    @achi
105    @a z 000yy
200 1  @a罪恶幽灵@AZui E You Ling@f杨书文@FYang Shu Wen
210    @a北京@c中国言实出版社@d1998.01
215    @a398页@d32开
606 0  @a法律@x中国
690    @aD924.315@v3
701    @a杨书文
801    @aCN@bPftUser@c20000523
905    @f1@b56460@dD924.315@eY873
    
    罪恶幽灵/杨书文.-北京:中国言实出版社,1998.01
    398页;32开
    
    
    ISBN 7-80128-033-4:19.80元
    
●
相关链接 在E读中查询图书 在当当中查询图书 在豆瓣中查询图书


正题名:罪恶幽灵     索取号:D924.315/Y873         预约/预借

序号 登录号 条形码 馆藏地/架位号 状态 备注
1 56460   200564601   社科库509/ [索取号:D924.315/Y873] 在馆    
河南城建学院图书馆 欢迎您!
大连网信软件有限公司© 版权所有